[Event "North American op 24th"]
[Site "Las Vegas"]
[Date "2014.12.28"]
[Round "6"]
[White "Song, Edward"]
[Black "Yankovsky, Roman"]
[Result "1/2-1/2"]
[WhiteElo "2289"]
[BlackElo "2436"]
[PlyCount "152"]
[EventDate "2014.12.26"]
[EventType "swiss"]
[EventRounds "9"]
[EventCountry "USA"]
[SourceTitle "CBM 164 Extra"]
[Source "ChessBase"]
[SourceDate "2015.03.02"]
[SourceVersion "1"]
[SourceVersionDate "2015.03.02"]
[SourceQuality "1"]

1. d4 Nf6 2. Nf3 b6 3. g3 Bb7 4. Bg2 g6 5. 0-0 Bg7 6. c4 0-0 7. Nc3 Ne4 8. Bd2 Nxc3 9. Bxc3 Be4 10. Qd2 d5 11. cxd5 Qxd5 12. Ne1 Bxg2 13. Nxg2 e5 14. Ne3 Qd8 15. d5 Nd7 16. Rfd1 Re8 17. Qc2 Nf6 18. Nc4 e4 19. d6 b5 20. Bxf6 Bxf6 21. d7 Re7 22. Ne3 Rxd7 23. Qxe4 Rxd1+ 24. Rxd1 Qe8 25. Qxe8+ Rxe8 26. b3 Kg7 27. Kf1 c6 28. Rd7 Re7 29. Rd6 Rc7 30. Ke1 Be7 31. Rd3 Bc5 32. Kd2 Kf6 33. Nd1 Ke6 34. e3 f5 35. Nc3 Rd7 36. Rxd7 Kxd7 37. Kd3 Ke6 38. Ne2 Bb6 39. f3 Kd5 40. Nc3+ Ke5 41. Ne2 c5 42. Nc3 c4+ 43. bxc4 bxc4+ 44. Kxc4 Bxe3 45. Ne2 g5 46. Kd3 Bf2 47. f4+ gxf4 48. Nxf4 Bg1 49. h3 Bf2 50. Nh5 Bc5 51. Ke2 Kd4 52. Ng7 Ke4 53. Ne8 Be7 54. Kf2 a5 55. Nc7 Bc5+ 56. Kg2 a4 57. Nb5 a3 58. Nc3+ Kd3 59. Nb5 Kc4 60. Nxa3+ Bxa3 61. Kf3 Bd6 62. g4 f4 63. Ke4 Kc3 64. a4 Bc7 65. h4 Kd2 66. a5 Ke2 67. a6 f3 68. a7 f2 69. a8Q f1Q 70. Qa6+ Kf2 71. Qxf1+ Kxf1 72. g5 Kg2 73. h5 Bd8 74. g6 hxg6 75. hxg6 Bf6 76. g7 Bxg7 1/2-1/2

[Event "Pacific Coast op 19th"]
[Site "Agoura Hills"]
[Date "2014.07.19"]
[Round "3"]
[White "Gareyev, Timur"]
[Black "Yankovsky, Roman"]
[Result "1/2-1/2"]
[WhiteElo "2640"]
[BlackElo "2440"]
[PlyCount "91"]
[EventDate "2014.07.17"]
[EventType "swiss"]
[EventRounds "6"]
[EventCountry "USA"]
[SourceTitle "EXT 2018"]
[Source "ChessBase"]
[SourceDate "2017.10.13"]
[SourceVersion "1"]
[SourceVersionDate "2017.10.13"]
[SourceQuality "1"]

1. d4 Nf6 2. c4 b6 3. Nc3 Bb7 4. Qc2 d5 5. cxd5 Nxd5 6. e4 Nxc3 7. bxc3 e6 8. Nf3 Be7 9. Bb5+ c6 10. Bd3 c5 11. 0-0 cxd4 12. cxd4 0-0 13. Bb2 Nc6 14. a3 Rc8 15. Qe2 Bf6 16. Qe3 Na5 17. Nd2 Qd7 18. f4 Bxd4 19. Bxd4 Rfd8 20. Nf3 Nb3 21. Bb5 Qxb5 22. Rfb1 Nxd4 23. Rxb5 Nxb5 24. f5 Nc3 25. fxe6 fxe6 26. Nd2 Ba6 27. Nf3 Bb7 28. e5 Bxf3 29. Qxf3 Nd5 30. Qg4 Re8 31. Re1 Rc7 32. h3 Rcc8 33. Kh2 Re7 34. Rd1 Ree8 35. Rd3 Rc7 36. Rf3 Rc3 37. Qa4 Re7 38. Rf2 Rc8 39. Rd2 Rf7 40. Rd3 Re7 41. Qh4 Ree8 42. Rg3 Rc3 43. Qa4 Re7 44. Rxc3 Nxc3 45. Qc6 Nd5 46. Qc8+ 1/2-1/2

[Event "Pacific Southwest op 54th"]
[Site "Los Angeles"]
[Date "2014.07.05"]
[Round "4"]
[White "Sevillano, Enrico"]
[Black "Yankovsky, Roman"]
[Result "1-0"]
[WhiteElo "2478"]
[BlackElo "2440"]
[PlyCount "97"]
[EventDate "2014.07.04"]
[EventType "swiss"]
[EventRounds "6"]
[EventCountry "USA"]
[SourceTitle "CBM 161 Extra"]
[Source "ChessBase"]
[SourceDate "2014.08.29"]
[SourceVersion "1"]
[SourceVersionDate "2014.08.29"]
[SourceQuality "1"]

1. e4 c5 2. Nf3 d6 3. Nc3 a6 4. a4 Nf6 5. d4 cxd4 6. Nxd4 g6 7. Be2 Bg7 8. Be3 0-0 9. 0-0 Nc6 10. Nb3 Be6 11. Ra3 Rc8 12. Nd4 Bd7 13. Nxc6 Bxc6 14. f3 Qa5 15. Qd2 Rfd8 16. b4 Qxb4 17. Rb3 Qa5 18. Bb6 Qe5 19. Bxd8 Qc5+ 20. Kh1 Rxd8 21. Bd3 g5 22. Ne2 h5 23. c3 h4 24. Nd4 Nh5 25. Nf5 Bf6 26. Nh6+ Kg7 27. Ng4 Rh8 28. Qe3 Qxe3 29. Nxe3 e6 30. Ra1 Be7 31. Nc2 Nf4 32. Bf1 g4 33. Nd4 h3 34. g3 Ng6 35. Nxc6 bxc6 36. fxg4 Ne5 37. Be2 Bd8 38. a5 d5 39. exd5 cxd5 40. Rb7 Rh6 41. g5 Bxg5 42. Bxa6 Bd2 43. Rc7 d4 44. cxd4 Ng4 45. Rc2 Be3 46. Rf1 Rf6 47. Rxf6 Kxf6 48. Bb7 Kg5 49. Bf3 1-0

[Event "Pacific Coast op 18th"]
[Site "Agoura Hills"]
[Date "2013.07.21"]
[Round "5.3"]
[White "Davidson, Kevin"]
[Black "Yankovsky, Roman"]
[Result "1/2-1/2"]
[WhiteElo "2238"]
[BlackElo "2531"]
[PlyCount "70"]
[EventDate "2013.07.18"]
[EventType "swiss"]
[EventRounds "6"]
[EventCountry "USA"]
[SourceTitle "EXT 2024"]
[Source "ChessBase"]
[SourceDate "2023.10.10"]
[SourceVersion "1"]
[SourceVersionDate "2023.10.10"]
[SourceQuality "1"]

1. e4 c5 2. Nf3 d6 3. d4 cxd4 4. Nxd4 a6 5. c4 Nf6 6. Nc3 e6 7. Be2 Be7 8. Be3 Qc7 9. Qd2 b6 10. 0-0 Bb7 11. f3 0-0 12. Rac1 Nbd7 13. Rfd1 Rac8 14. Bf1 Qb8 15. Nc2 Bd8 16. Bf4 Ne5 17. b4 Nh5 18. Bxe5 dxe5 19. b5 h6 20. Qd6 Qxd6 21. Rxd6 axb5 22. Nxb5 Be7 23. Rdd1 Ba6 24. Na1 Bg5 25. Rb1 Be3+ 26. Kh1 Rfd8 27. a4 g6 28. Nb3 f5 29. Re1 f4 30. Red1 Rxd1 31. Rxd1 Rf8 32. Rd3 Bf2 33. Rd2 Be3 34. Rd3 Bf2 35. Rd2 Be3 1/2-1/2

[Event "Memorial Day Classic"]
[Site "Ontario"]
[Date "2013.05.27"]
[Round "6"]
[White "Yankovsky, Roman"]
[Black "Peters, Jack"]
[Result "0-1"]
[WhiteElo "2455"]
[BlackElo "2351"]
[PlyCount "80"]
[EventDate "2013.05.25"]
[EventType "swiss"]
[EventRounds "6"]
[EventCountry "USA"]
[SourceTitle "EXT 2014"]
[Source "ChessBase"]
[SourceDate "2013.11.20"]
[SourceVersion "1"]
[SourceVersionDate "2013.11.20"]
[SourceQuality "1"]

1. e4 Nc6 2. Nf3 Nf6 3. e5 Nd5 4. Bb5 a6 5. Ba4 d6 6. Qe2 e6 7. c4 Nb6 8. Bxc6+ bxc6 9. b3 Be7 10. Bb2 0-0 11. 0-0 a5 12. a4 Nd7 13. d3 c5 14. Nbd2 Bb7 15. Rab1 Ra6 16. Ne4 Qa8 17. Bc3 dxe5 18. Nxe5 Nxe5 19. Bxe5 f5 20. Nd2 Bxg2 21. Rfe1 Bb7 22. f3 Qd8 23. Qe3 Bd6 24. Bc3 Re8 25. Re2 f4 26. Qf2 Bf8 27. d4 cxd4 28. Qxd4 Qxd4+ 29. Bxd4 Rd8 30. Be5 Bd6 31. Rb2 Kf7 32. Kf1 g5 33. Bc3 Be7 34. Be5 Rd3 35. Bxc7 Ba3 36. Rb1 Bb4 37. Rb2 Bxf3 38. Nxf3 Rxf3+ 39. Rf2 Rd3 40. h4 f3 0-1

[Event "North American op 22nd"]
[Site "Las Vegas"]
[Date "2012.12.30"]
[Round "9"]
[White "Liou, Yian"]
[Black "Yankovsky, Roman"]
[Result "1-0"]
[WhiteElo "2352"]
[BlackElo "2474"]
[PlyCount "77"]
[EventDate "2012.12.26"]
[EventType "swiss"]
[EventRounds "9"]
[EventCountry "USA"]
[SourceTitle "CBM 152 Extra"]
[Source "ChessBase"]
[SourceDate "2013.02.25"]
[SourceVersion "1"]
[SourceVersionDate "2013.02.25"]
[SourceQuality "1"]

1. e4 c5 2. Nf3 d6 3. d4 cxd4 4. Nxd4 a6 5. Nc3 Nf6 6. Be2 e5 7. Nb3 Be7 8. Bg5 Nbd7 9. a4 b6 10. Nd2 Bb7 11. Bc4 h6 12. Bh4 Qc8 13. 0-0 Qc5 14. Qe2 g5 15. Bg3 h5 16. Nb3 Qc8 17. h4 Rg8 18. hxg5 Rxg5 19. Bh2 Nc5 20. f4 Rg4 21. Bd5 Nfxe4 22. Bxb7 Qxb7 23. Nxc5 Nxc5 24. fxe5 0-0-0 25. Rf4 Rxf4 26. Bxf4 Ne6 27. Bh2 d5 28. Qxh5 d4 29. Qxf7 Ng5 30. Qf5+ Kb8 31. Ne2 Rg8 32. Ng3 d3 33. cxd3 Rf8 34. Qg4 Qd5 35. Rd1 Rh8 36. Nf5 Bc5+ 37. d4 Rg8 38. e6+ Ka7 39. Kh1 1-0

[Event "North American op 22nd"]
[Site "Las Vegas"]
[Date "2012.12.27"]
[Round "3"]
[White "Hammer, Jon Ludvig"]
[Black "Yankovsky, Roman"]
[Result "1-0"]
[WhiteElo "2633"]
[BlackElo "2474"]
[PlyCount "37"]
[EventDate "2012.12.26"]
[EventType "swiss"]
[EventRounds "9"]
[EventCountry "USA"]
[SourceTitle "CBM 152 Extra"]
[Source "ChessBase"]
[SourceDate "2013.02.25"]
[SourceVersion "1"]
[SourceVersionDate "2013.02.25"]
[SourceQuality "1"]

1. d4 Nf6 2. c4 g6 3. f3 e5 4. dxe5 Nh5 5. Nh3 Nc6 6. Bg5 Be7 7. Bxe7 Qxe7 8. g4 Ng7 9. f4 d6 10. exd6 Qh4+ 11. Nf2 Bxg4 12. dxc7 Be6 13. Qd2 0-0 14. Nc3 Bxc4 15. e4 Bxf1 16. Rxf1 Rac8 17. Nd5 Ne8 18. Qc3 Ne7 19. Qh3 1-0

[Event "North American op 22nd"]
[Site "Las Vegas"]
[Date "2012.12.27"]
[Round "4"]
[White "Yankovsky, Roman"]
[Black "Bodek, Michael H"]
[Result "1-0"]
[WhiteElo "2474"]
[BlackElo "2316"]
[PlyCount "111"]
[EventDate "2012.12.26"]
[EventType "swiss"]
[EventRounds "9"]
[EventCountry "USA"]
[SourceTitle "CBM 152 Extra"]
[Source "ChessBase"]
[SourceDate "2013.02.25"]
[SourceVersion "1"]
[SourceVersionDate "2013.02.25"]
[SourceQuality "1"]

1. e4 c5 2. Nf3 d6 3. d4 cxd4 4. Nxd4 Nf6 5. Nc3 g6 6. Be3 Bg7 7. f3 0-0 8. Qd2 Nc6 9. 0-0-0 d5 10. exd5 Nxd5 11. Nxc6 bxc6 12. Bd4 Nxc3 13. Qxc3 Bh6+ 14. Be3 Bxe3+ 15. Qxe3 Qb6 16. Qxe7 Be6 17. Qa3 Rfd8 18. Bd3 Rd5 19. b3 Rad8 20. Rde1 Rd4 21. Re5 R8d5 22. Rhe1 Rxe5 23. Rxe5 Rh4 24. Qe7 Qg1+ 25. Kb2 Qd4+ 26. Ka3 Qxe5 27. Qxh4 Qa5+ 28. Qa4 Qc5+ 29. Qb4 Qf2 30. Qb8+ Kg7 31. Qe5+ Kg8 32. Be4 Qxg2 33. Qb8+ Kg7 34. Qxa7 Qxh2 35. Qd4+ Kg8 36. Kb2 h5 37. a4 Qc7 38. Qc5 h4 39. a5 h3 40. a6 Bc8 41. a7 Bb7 42. f4 Ba8 43. f5 gxf5 44. Bh1 h2 45. Qe3 Kf8 46. b4 Qe7 47. Qxe7+ Kxe7 48. b5 Kd6 49. bxc6 Kc7 50. Kc3 f4 51. Kd4 Kb6 52. c7 Bxh1 53. c8Q Bb7 54. Qc5+ Ka6 55. Qa3+ Kb6 56. a8R 1-0

[Event "American op 48th"]
[Site "Anaheim"]
[Date "2012.11.23"]
[Round "3"]
[White "Yankovsky, Roman"]
[Black "Khachiyan, Melikset"]
[Result "0-1"]
[WhiteElo "2474"]
[BlackElo "2479"]
[PlyCount "70"]
[EventDate "2012.11.22"]
[EventType "swiss"]
[EventRounds "8"]
[EventCountry "USA"]
[SourceTitle "EXT 2014"]
[Source "ChessBase"]
[SourceDate "2013.11.20"]
[SourceVersion "1"]
[SourceVersionDate "2013.11.20"]
[SourceQuality "1"]

1. e4 e5 2. Nf3 Nc6 3. Bc4 Bc5 4. c3 Nf6 5. d3 d6 6. Bg5 h6 7. Bh4 g5 8. Bg3 0-0 9. Nbd2 Kg7 10. 0-0 a6 11. Bb3 Ba7 12. Nc4 Ne7 13. Kh1 Ng6 14. Ne1 h5 15. f3 b5 16. Nd2 h4 17. Bf2 Bxf2 18. Rxf2 Nh5 19. Nf1 f5 20. exf5 Bxf5 21. Ne3 Bd7 22. Qd2 c6 23. d4 Qf6 24. Kg1 exd4 25. cxd4 Rae8 26. N1c2 Qf4 27. Nf1 Qxd2 28. Nxd2 Ngf4 29. Ne4 d5 30. Nc5 Bf5 31. Rd1 g4 32. fxg4 Bxg4 33. Re1 Ne2+ 34. Kf1 Nhg3+ 35. hxg3 hxg3 0-1

[Event "American op 48th"]
[Site "Anaheim"]
[Date "2012.11.22"]
[Round "2"]
[White "Peters, Jack"]
[Black "Yankovsky, Roman"]
[Result "0-1"]
[WhiteElo "2355"]
[BlackElo "2474"]
[PlyCount "76"]
[EventDate "2012.11.22"]
[EventType "swiss"]
[EventRounds "8"]
[EventCountry "USA"]
[SourceTitle "EXT 2014"]
[Source "ChessBase"]
[SourceDate "2013.11.20"]
[SourceVersion "1"]
[SourceVersionDate "2013.11.20"]
[SourceQuality "1"]

1. e4 c5 2. Nf3 d6 3. d4 cxd4 4. Nxd4 a6 5. c4 Nf6 6. Nc3 e6 7. Be2 Be7 8. 0-0 0-0 9. Be3 Qc7 10. Rc1 b6 11. f4 Bb7 12. Bf3 Nbd7 13. g4 Nc5 14. Qc2 h6 15. b4 Ncd7 16. Qg2 Nh7 17. a3 Bf6 18. Rfd1 Rae8 19. Nde2 g5 20. h4 gxf4 21. Bxf4 Ne5 22. Bxh6 Bxh4 23. Nd4 Bg5 24. Qh3 Qe7 25. Be2 Qf6 26. Bxf8 Bxc1 27. Bxd6 Ng5 28. Qf1 Be3+ 29. Kg2 Qh6 30. Qh1 Nxe4 31. Nxe4 Bxe4+ 32. Nf3 Qf4 33. Bxe5 Qxe5 34. Qh2 Qb2 35. Kg3 e5 36. Kh3 Kg7 37. Nh4 Rh8 38. Qg3 Bg5 0-1

[Event "American op 48th"]
[Site "Anaheim"]
[Date "2012.11.22"]
[Round "1"]
[White "Yankovsky, Roman"]
[Black "Yanayt, Eugene"]
[Result "1-0"]
[WhiteElo "2474"]
[BlackElo "2240"]
[PlyCount "59"]
[EventDate "2012.11.22"]
[EventType "swiss"]
[EventRounds "8"]
[EventCountry "USA"]
[SourceTitle "EXT 2014"]
[Source "ChessBase"]
[SourceDate "2013.11.20"]
[SourceVersion "1"]
[SourceVersionDate "2013.11.20"]
[SourceQuality "1"]

1. e4 c5 2. Nf3 d6 3. d4 cxd4 4. Nxd4 Nf6 5. Nc3 a6 6. h3 e5 7. Nde2 Be7 8. g4 0-0 9. Ng3 g6 10. Bh6 Re8 11. Qd2 Kh8 12. 0-0-0 Be6 13. f3 Nc6 14. Be3 Rc8 15. Kb1 Qc7 16. g5 Nd7 17. h4 Na5 18. h5 Nf8 19. f4 Nc4 20. Bxc4 Bxc4 21. f5 b5 22. Qh2 Qa5 23. hxg6 fxg6 24. fxg6 Bg8 25. Qh6 Ne6 26. gxh7 Bf7 27. g6 Bf8 28. Qh4 Bxg6 29. Qf6+ Bg7 30. Qxg6 1-0

[Event "Los Angeles op 9th"]
[Site "Los Angeles"]
[Date "2012.10.05"]
[Round "1"]
[White "Yankovsky, Roman"]
[Black "Faber, Craig Allen"]
[Result "1-0"]
[WhiteElo "2471"]
[BlackElo "2091"]
[PlyCount "51"]
[EventDate "2012.10.05"]
[EventType "swiss"]
[EventRounds "5"]
[EventCountry "USA"]
[SourceTitle "EXT 2014"]
[Source "ChessBase"]
[SourceDate "2013.11.20"]
[SourceVersion "1"]
[SourceVersionDate "2013.11.20"]
[SourceQuality "1"]

1. e4 d5 2. exd5 Qxd5 3. Nc3 Qa5 4. Bc4 c6 5. d3 Nf6 6. Qe2 Bf5 7. Bd2 e6 8. 0-0-0 Bb4 9. a3 Bxc3 10. Bxc3 Qc7 11. f3 h5 12. Nh3 Bxh3 13. gxh3 Nbd7 14. Rhg1 Rg8 15. Qe3 b5 16. Bb3 0-0-0 17. a4 a6 18. Kb1 g6 19. Be1 Rde8 20. c4 Kb7 21. Rc1 Qe5 22. Qd2 Nc5 23. Bc2 Nxa4 24. Bxa4 bxa4 25. Qb4+ Kc8 26. Bg3 1-0